| 000 | 00726nam a22001577a 4500 | ||
|---|---|---|---|
| 003 | OSt | ||
| 005 | 20151005143359.0 | ||
| 008 | 151005b xxu||||| |||| 00| 0 eng d | ||
| 040 | _cRUA | ||
| 082 | _aAVM MOM 2001 B072 Or.1 | ||
| 100 |
_92046 _aMOM, VARIN. |
||
| 245 | _aStudy on fattening pig after weaning providing of house waste in so vyra farm at preak leap, ការសិក្សាលើការចិញ្ចឹមជ្រូកយកសត្វគ្រោយពេលផ្តាច់ដោះដោុយសំណលផ្ទះបាយ នៅស្ថានីយ៏ សូ វីរ៉ា ព្រែកលៀប | ||
| 260 |
_aPhnom Penh _bRUA _c2001 |
||
| 300 |
_avi; 36p. _bill. _c29cm. |
||
| 942 |
_2ddc _cAVM |
||
| 999 |
_c1932 _d1932 |
||